00700nam a22001697a 4500008004100000040005500041080001900096245011300115260005500228300001000283650001200293700002900305700002400334942001200358999001700370952014300387230221b |||||||| |||| 00| 0 eng d aNational Science LibrarycNational Science Library a624(082.2)bP2 aProceedings of the international conference on advances in civil engineering c/ IIT, 3-5 January, Kharagpur aNew Delhi: bAllied Publishers Limited, c2002 a689p. aScience aBandyopadhyay, J N (Ed.) aKumar, Nagesh (Ed.) 2udccPR c46962d46962 00102udc4066240822_P270971359aNSLbNSLcGF/Rk-13/C-11/R-4d2002-07-15l0o624(082.2) P2p180183r2023-06-23 00:00:00w2023-06-23yPR